| 000 | 01037cam a22003014a 4500 | ||
|---|---|---|---|
| 001 | 14318429 | ||
| 003 | OSt | ||
| 005 | 20230607080753.0 | ||
| 008 | 060328s2006 ke ab b 001 0beng | ||
| 010 | _a 2006306372 | ||
| 020 | _a9966712305 | ||
| 040 |
_aDLC _cDLC |
||
| 042 | _alcode | ||
| 043 | _af-ke--- | ||
| 050 | 0 | 0 |
_aHD6866.5.Z55 _bS567 2006 |
| 082 |
_a923.26267 _bPAT |
||
| 100 | 1 |
_aPatel, Zarina, _d1935- |
|
| 245 | 1 | 0 |
_aUnquiet _bThe Life & Times of Makhan Singh _cZarina Patel. |
| 260 |
_aNairobi : _bZand Graphics, _c2006. |
||
| 300 |
_axxiii, 563 p. : _bill., maps ; _c21 cm. |
||
| 504 | _aIncludes bibliographical references (p. 508-510) and index. | ||
| 600 | 1 | 0 |
_aMakhan Singh, _d1913- |
| 650 | 0 |
_aLabor unions _xOfficials and employees _zKenya _vBiography. |
|
| 651 | 0 |
_aKenya _xPolitics and government. |
|
| 906 |
_a7 _bcbc _corigode _d2 _encip _f20 _gy-gencatlg |
||
| 942 |
_2ddc _cBK |
||
| 999 |
_c753 _d753 |
||